Karel Havlíček Borovský liberální politik a ekonom sborník textů

Gespeichert in:
Bibliographische Detailangaben
Format: Buch
Sprache:Tschechisch
Veröffentlicht: Praha Centrum pro ekonomiku a politiku 2002
Schlagworte:
Tags: Tag hinzufügen
Keine Tags, Fügen Sie das erste Tag hinzu!

MARC

LEADER 00000nam a2200000 4500
001 c141559
005 20221124094607.6
020 |a 80-86547-04-3 
041 0 |a cze 
044 |a CZ 
245 1 0 |a Karel Havlíček Borovský liberální politik a ekonom  |b sborník textů 
264 1 |a Praha  |b Centrum pro ekonomiku a politiku  |c 2002 
300 |a 137 s. 
610 2 0 |a osobnosť 
610 2 0 |a ekonómovia 
610 2 0 |a Česko 
610 2 0 |a politika 
610 2 0 |a biografia 
610 2 0 |a životopisy